000 00466nam a22001817a 4500
003 CEME
005 20210628204132.0
008 210112b xxu||||| |||| 00| 0 eng d
020 _a9788126530984
040 _cceme
082 _a671.35 CHA
100 _aChattopadhyay, A.B
_968878
245 _aMachining and machine tools
260 _aDELHI
_bWILEY INDIA
_c2011
300 _aXXIV, 802P
650 _aMACHINING.MACHINE TOOLS-TYPES.
_968879
942 _cBK
_2ddc
999 _c576338
_d576338